Biga*Ranx - 1988 (album) - Statistiques

Statistiques générales
  • Ce quiz a été pris 10 fois
  • Le résultat moyen est 10 sur 16
Statistiques - réponses
Position dans l'album Titre du morceau % Correct
1 Liquid Sunshine
88%
5 My Face
75%
7 Tropic Sky (ft Ruffian Rugged, Prendy et Art-X)
75%
8 Contrebande (ft Atili Bandalero)
63%
6 French Fries (ft Blundetto)
63%
12 French Wine
63%
16 Lazer Beam
63%
9 Petit Boze (ft Biffty)
63%
11 Do My Ting
50%
2 Homegrown
50%
10 Life Long
50%
4 Low Grade (ft Blundetto)
50%
3 Monday (ft LEJ, Akhenaton et Blundetto)
50%
14 PMU
50%
13 Rendez-vous
50%
15 Veleda (ft Big Red et Blundetto)
50%
Aucun quiz correspondant
Distribution des résultats
% des personnes avec chaque résultat
Percentile par nombre de réponses
Votre historique - résultats
Vous n’avez pas pris ce quiz